[Event "Olympiad Women 2024"]
[Site "Budapest HUN"]
[Date "2024.09.14"]
[Round "4.56"]
[Board "4"]
[White "Ramnarine Singh, Aradhana"]
[Black "Nacario, Ruth"]
[Result "0-1"]
[WhiteElo "1589"]
[BlackElo "1607"]
[PlyCount "78"]
[EventDate "2024.09.11"]
[WhiteTeam "Trinidad & Tobago"]
[BlackTeam "Guam"]
[BlackTeamCountry "GMA"]

1. e4 e6 2. d4 d5 3. exd5 exd5 4. Bd3 Nf6 5. Nf3 c5 6. c3 Nc6 7. O-O cxd4 ({RR} 7... Be7 8. dxc5 Bxc5 9. Re1+ Be6 10. Nbd2 O-O 11. Nb3 Bb6 12. Be3 Bg4 13. h3 Bh5 14. Bxb6 Qxb6 15. Be2 Rfe8 16. Qc2 Rac8 17. Rad1 Re7 18. Nfd4 Nxd4 19. Nxd4 Rce8 20. Kf1 Bg6 21. Qb3 Qc7 22. Nf3 {0-1 Tabatabaei,M (2696)-Vakhlamov,I (2413) chess.com SpeedChess Q1Sw 2023 (7)}) 8. Nxd4 Be7 9. Bc2 $146 ({RR} 9. h3 Nxd4 10. cxd4 O-O 11. Nc3 Be6 12. Re1 a6 13. Bc2 Re8 14. a3 Rc8 15. Qd3 h6 16. Bf4 Bf8 17. Re2 g6 18. Qd2 Kh7 19. Rae1 b5 20. g4 Qd7 21. Be5 Bg7 22. f4 Qc6 23. f5 Bd7 {1-0 Mamedov,R (2617)-Gvetadze,S (2350) TUR-chT Kocaeli 2008 (7)}) ({RR} 9. Nd2 Nxd4 10. cxd4 O-O 11. h3 Qb6 12. Re1 Bb4 13. a3 Bd6 14. Nb1 Bd7 15. Nc3 Rfe8 16. Re2 Rxe2 17. Bxe2 Re8 18. Bf1 h5 19. Ne2 Bb5 20. Be3 Bc4 21. b4 Qc7 22. Qc1 Rc8 23. Nf4 Qb8 {0-1 Samani,Y (2360)-Annaberdiev,M (2467) TCh-TUR Super League 2024 (10.9)}) ({RR} 9. Nf5 Bxf5 10. Bxf5 O-O 11. Be3 Re8 12. Qa4 g6 13. Bh3 Ne4 14. g3 Bc5 15. Bxc5 Nxc5 16. Qb5 Qb6 17. Na3 Qxb5 18. Nxb5 Re2 19. b4 Ne4 20. Bg2 Rd8 21. Rfe1 Rxe1+ 22. Rxe1 a6 23. f3 Nxg3 {½-½ Perez Candelario,M (2236)-Lalic,B (2550) Navalmoral op 05th 1999 (8)}) 9... Bd7 10. Bf4 O-O 11. Re1 Re8 12. Qd3 Bf8 13. Nd2 g6 14. N2f3 Bg7 15. h3 Qb6 16. Nb3 a5 17. Be3 Qc7 18. Nbd4 Nxd4 19. Bxd4 Bf5 20. Rxe8+ Rxe8 21. Qd1 Be4 22. Ba4 Re6 23. Nd2 Bd3 24. Nf1 Be2 25. Qd2 Bc4 26. Ne3 Bh6 27. Re1 Ne4 28. Qd1 Qf4 29. Ng4 Bg5 30. Be3 Qf5 31. Bd7 h5 32. Bxe6 fxe6 33. Nh2 Bxe3 34. Rxe3 Qxf2+ 35. Kh1 Qxe3 36. Nf1 Bxf1 37. Qa4 Bxg2+ 38. Kxg2 Qg3+ 39. Kf1 Qf2# 0-1

[Event "Olympiad Women 2024"]
[Site "Budapest HUN"]
[Date "2024.09.14"]
[Round "4.57"]
[Board "2"]
[White "Makwena, Christine"]
[Black "Zenobia Wasif"]
[Result "1-0"]
[WhiteElo "1860"]
[BlackElo "1743"]
[PlyCount "115"]
[EventDate "2024.09.11"]
[WhiteTeam "Zimbabwe"]
[BlackTeam "Pakistan"]
[WhiteTeamCountry "ZIM"]
[BlackTeamCountry "PAK"]

1. e4 e5 2. Nf3 d6 3. d4 exd4 4. Nxd4 Nf6 5. Nc3 g6 6. Bg5 Bg7 7. Qd2 h6 8. Bf4 ({RR} 8. Bh4 O-O 9. O-O-O Nc6 10. Nxc6 bxc6 11. e5 g5 12. exf6 Qxf6 13. Bg3 Rb8 14. Bc4 Be6 15. Bb3 c5 16. f4 c4 17. fxg5 Qf5 18. gxh6 Bh8 19. Rhf1 Qa5 20. h7+ Kxh7 21. Rf4 cxb3 22. Rh4+ Kg8 {1-0 Esipenko,A (2714)-Mamedyarov,S (2767) Airthings Masters Prelim rapid 2022 (1)}) 8... Nbd7 ({RR} 8... Nc6 9. Nxc6 bxc6 10. O-O-O Be6 11. f3 Qb8 12. e5 Nd5 13. Nxd5 cxd5 14. Qe3 c6 15. Qa3 dxe5 16. Bg3 a5 17. Bd3 Qb4 18. Rhe1 O-O 19. Qxb4 axb4 20. Kb1 c5 21. Bxe5 c4 22. Bxg6 Ra6 23. Bxg7 {½-½ Fiorito,J (2404)-Pein,J (2279) Titled Tue 11th Jun Early 2024 (5)}) 9. f3 $146 ({RR} 9. O-O-O a6 10. Bc4 Ne5 11. Bb3 Bd7 12. Rhe1 Qe7 13. Bg3 O-O-O 14. f4 Bg4 15. Nd5 Nxd5 16. exd5 Bxd1 17. Qxd1 Qf6 18. fxe5 Qg5+ 19. Kb1 dxe5 20. Nf3 Qg4 21. Nxe5 Qxd1+ 22. Rxd1 Rhf8 23. a4 Rde8 {1-0 Gonzalez de la Torre,S (2390)-Alvarez Ponga,I San Sebastian op 13th 2003 (1)}) 9... Ne5 10. O-O-O Nh5 11. Be3 Be6 12. Be2 Nc6 13. Nxe6 fxe6 14. Bb5 a6 15. Ba4 Qe7 16. Rhe1 O-O-O 17. f4 Rhf8 18. g3 Na5 19. Bb3 Nxb3+ 20. axb3 Qf6 21. Rf1 Qe7 22. Bg1 b6 23. Qd3 Kb7 24. Qc4 Nf6 25. Qb4 e5 26. Rde1 Qd7 27. Qc4 Qc6 28. Qd3 exf4 29. gxf4 h5 30. Qg3 Nd7 31. Nd5 Nc5 32. Bxc5 dxc5 33. Rg1 Bh6 34. Kb1 Qd6 35. Qxg6 Bxf4 36. Nxf4 Qxf4 37. Qxh5 Rh8 38. Qg6 Qf2 39. Rgf1 Qxh2 40. e5 Qh7 41. Qg2+ Kb8 42. e6 Rhe8 43. Rf7 Qh5 44. Qc6 Qh2 45. Rd7 Rc8 46. e7 Qh4 47. Rh1 Qg3 48. Rhd1 Qe5 49. R1d5 Qe1+ 50. Rd1 Qe5 51. Qa4 Kb7 52. Qh4 Rh8 53. Qf2 Qe6 54. Qd2 Rhe8 55. Re1 Qc6 56. Qd3 Ka7 57. Qf5 Kb7 58. Red1 1-0

[Event "Olympiad Women 2024"]
[Site "Budapest HUN"]
[Date "2024.09.14"]
[Round "4.57"]
[Board "3"]
[White "Mehak Gul"]
[Black "Shaba, Linda Dalitso"]
[Result "0-1"]
[WhiteElo "1709"]
[BlackElo "1831"]
[PlyCount "126"]
[EventDate "2024.09.11"]
[WhiteTeam "Pakistan"]
[BlackTeam "Zimbabwe"]
[WhiteTeamCountry "PAK"]
[BlackTeamCountry "ZIM"]

1. d4 d5 2. Nf3 Nf6 3. g3 g6 4. Bg2 Bg7 5. O-O O-O 6. c4 c6 7. Nc3 Bg4 8. Ne5 dxc4 ({RR} 8... Be6 9. Bg5 dxc4 10. e4 h6 11. Be3 Na6 12. f4 Nb4 13. a3 Nd3 14. Nxd3 cxd3 15. Qxd3 Ng4 16. Rad1 Nxe3 17. Qxe3 Bc4 18. Rf2 Qb6 19. Rfd2 Bb3 20. Rf1 Rfd8 21. e5 Bc4 22. Rc1 e6 23. Na4 {1-0 Klimkowski,J (2508)-Ponizil,C (2465) Titled Tue 27th Aug Early 2024 (3)}) 9. Nxc4 Qc8 10. Ne5 $146 ({RR} 10. Re1 Nbd7 11. h3 Be6 12. Na3 Nb6 13. Kh2 Nfd5 14. e4 Nxc3 15. bxc3 Rd8 16. Bb2 Nc4 17. Nxc4 Bxc4 18. Qc2 e6 19. a3 Qc7 20. Rad1 Rac8 21. Bc1 h6 22. Bf4 Qe7 23. Qd2 h5 24. Bg5 f6 {1-0 Kovacs,T-Kundrak,G Sarospatak op 1994}) 10... Bh3 11. Qb3 Bxg2 12. Kxg2 Nbd7 13. Bg5 e6 14. Nxd7 Qxd7 15. Rad1 h6 16. Bf4 Nd5 17. Nxd5 cxd5 18. Rc1 Rac8 19. Rfd1 g5 20. Be3 b6 21. Qd3 Qa4 22. a3 Rfe8 23. Rh1 Qd7 24. Qd2 Rxc1 25. Rxc1 Rc8 26. Rc3 Rc4 27. b3 Rc7 28. Qc2 Rxc3 29. Qxc3 Bf6 30. h3 Be7 31. b4 Bd6 32. Bd2 Kg7 33. Qc2 f5 34. e3 Kf6 35. Bc1 h5 36. Qd2 Be7 37. e4 Kg6 38. h4 dxe4 39. hxg5 Qd5 40. Qe3 Qd8 41. f4 exf3+ 42. Kxf3 Qd5+ 43. Kf2 Qe4 44. Qf4 Qd5 45. Qe3 Bd6 46. Bd2 e5 47. dxe5 Qxe5 48. Qxe5 Bxe5 49. Bf4 Bd4+ 50. Ke2 b5 51. Bc1 Be5 52. Kf3 a6 53. Kg2 Bc7 54. Kh3 a5 55. bxa5 Bxa5 56. Kh4 Bc7 57. Bf4 Bd8 58. Bc1 Be7 59. Kh3 Bxg5 60. Bb2 Kf7 61. Kg2 Ke6 62. Kf3 Kd5 63. Ke2 Kc4 0-1

[Event "Olympiad Women 2024"]
[Site "Budapest HUN"]
[Date "2024.09.14"]
[Round "4.57"]
[Board "4"]
[White "Zengeni, Tatenda Melisa"]
[Black "Aayat Asmi"]
[Result "1-0"]
[WhiteElo "1732"]
[BlackElo "1421"]
[PlyCount "121"]
[EventDate "2024.09.11"]
[WhiteTeam "Zimbabwe"]
[BlackTeam "Pakistan"]
[WhiteTeamCountry "ZIM"]
[BlackTeamCountry "PAK"]

1. d4 Nf6 2. e3 g6 3. Bd3 Bg7 4. f4 O-O 5. Nf3 d5 6. O-O Nc6 ({RR} 6... Bg4 7. Qe1 Bxf3 8. Rxf3 e6 9. Nd2 Nc6 10. c3 Ne7 11. e4 dxe4 12. Nxe4 Nxe4 13. Bxe4 Rb8 14. Be3 Nd5 15. Bf2 Qd6 16. g3 Nf6 17. Bc2 Ng4 18. b4 Nxf2 19. Qxf2 b6 20. Re1 Rbc8 21. Rd3 {½-½ Draftian,A (2318)-Tolk,P (2241) Geraardsbergen op 2003 (5)}) 7. c3 ({RR} 7. c4 e6 8. a3 Re8 9. Nc3 dxc4 10. Bxc4 a6 11. Ba2 b6 12. Ne2 Bb7 13. Ng3 a5 14. Bd2 Nd5 15. Rc1 Nde7 16. Bb1 Nd5 17. h4 f5 18. Ng5 Bf6 19. Ba2 h6 20. Nf3 Bxh4 21. Nxh4 Qxh4 {1-0 Chagas,G-Da Luz,F (1373) 9th Floripa Open 2023 (7.227)}) 7... Ne4 $146 ({RR} 7... Bg4 8. Qc2 Bxf3 9. Rxf3 e6 10. h3 Qd7 11. g4 Ne7 12. Rg3 Rac8 13. Qg2 c5 14. Nd2 cxd4 15. exd4 a6 16. Nf1 Ne8 17. h4 Nd6 18. h5 b5 19. Rh3 g5 20. h6 Bh8 21. Rh5 gxf4 22. Bxf4 {1-0 Oberste,N (1996)-Rausch,P Recklinghausen op 15th 2005 (2)}) ({RR} 7... Bg4 8. Nbd2 Rc8 9. h3 Bxf3 10. Nxf3 Na5 11. Bd2 c5 12. dxc5 Nc4 13. Bxc4 dxc4 14. Qa4 Rxc5 15. Qxa7 Qc7 16. Qa4 Rd8 17. Qc2 Nh5 18. Be1 Qb6 19. Nd4 e5 20. fxe5 Rxe5 21. Bf2 Bh6 22. e4 {1-0 Preibys,M (1419)-Sutkevicius,L (1602) Kaunas Naujametinis U16 op 2016 (3)}) 8. Nbd2 f5 9. Ne5 Nxe5 10. fxe5 e6 11. Nf3 b6 12. Bd2 a5 13. Qe2 Bb7 14. Rac1 Qc8 15. b3 Qe8 16. Rc2 Bh6 17. c4 c6 18. cxd5 cxd5 19. Rfc1 Rc8 20. Bb5 Qe7 21. a4 Rxc2 22. Rxc2 Rc8 23. Qd3 Rxc2 24. Qxc2 Nxd2 25. Qxd2 Qa3 26. Qc3 Qe7 27. Kf2 Qd8 28. g3 Qc8 29. Qxc8+ Bxc8 30. Ne1 Kf7 31. Nd3 Bf8 32. Kf3 h5 33. h4 Kg8 34. Be8 Ba6 35. Nf4 Bh6 36. Bxg6 Bxf4 37. exf4 Bd3 38. Ke3 Bc2 39. Bxh5 Kf8 40. Be2 Bxb3 41. Bb5 Ke7 42. Kd2 Kf7 43. Bd7 Ke7 44. h5 Kxd7 45. h6 Bxa4 46. h7 b5 47. h8=Q Bb3 48. Qa8 a4 49. Qb7+ Kd8 50. Qxb5 Kc7 51. Kc3 Kd8 52. Kb4 Kc7 53. Qe8 Kb6 54. Qxe6+ Kc7 55. Qxf5 Kd8 56. Qf7 Kc8 57. g4 Kd8 58. g5 Kc8 59. g6 Kd8 60. g7 Kc8 61. g8=Q# 1-0

[Event "Olympiad Women 2024"]
[Site "Budapest HUN"]
[Date "2024.09.14"]
[Round "4.58"]
[Board "1"]
[White "Sakai, Azumi"]
[Black "Jacobs, Annelaine"]
[Result "1-0"]
[WhiteElo "1871"]
[BlackElo "1763"]
[PlyCount "99"]
[EventDate "2024.09.11"]
[WhiteTeam "Japan"]
[BlackTeam "Aruba"]
[WhiteTeamCountry "JPN"]
[BlackTeamCountry "ARN"]

1. d4 Nf6 2. c4 g6 3. Nc3 Bg7 4. e4 d6 5. Nf3 O-O 6. Be2 Nbd7 7. Bg5 c6 8. O-O Qc7 ({RR} 8... d5 9. exd5 cxd5 10. Re1 Ne4 11. Bh4 Ndf6 12. Nxd5 Nxd5 13. cxd5 Nf6 14. Bc4 b5 15. Bxb5 Qxd5 16. Qb3 Qxb3 17. axb3 e6 18. Bg3 Bb7 19. Ne5 Rfc8 20. Nc4 a6 21. Ba4 Ne4 22. Nb6 Nxg3 23. hxg3 {1-0 Lerner,K (2515)-Itkis,B (2295) URS Cup rapid 1988 (1)}) 9. d5 ({RR} 9. h3 e5 10. d5 Nc5 11. Nd2 a5 12. b3 h6 13. Bh4 Nh7 14. a3 f5 15. exf5 gxf5 16. b4 e4 17. bxc5 Bxc3 18. cxd6 Qxd6 19. Rb1 Be5 20. c5 Qxc5 21. Nc4 Qd4 22. Qc1 Bg7 23. Nb6 Ra7 {1-0 Garabano,G (2062)-Carrizo,V (1547) General Pico Anconetani Memorial 5th 2022 (1)}) 9... Nc5 $146 ({RR} 9... h6 10. Bh4 g5 11. Bg3 Nh5 12. Qc2 Nxg3 13. hxg3 g4 14. Nh4 Ne5 15. f4 gxf3 16. gxf3 h5 17. Kf2 Bh6 18. Rg1 Qb6+ 19. Kg2 Qc5 20. dxc6 Nxc6 21. Nf5 Bxf5 22. exf5 Nd4 23. Qe4 Nxf5 24. Bd3 {0-1 Renka,S-Blazeka,D (1947) CRO-chT U20 17th 2008 (8)}) ({RR} 9... a6 10. Bf4 Nc5 11. e5 Nfe4 12. exd6 exd6 13. Nxe4 Nxe4 14. Qc2 Bf5 15. Bd3 cxd5 16. cxd5 Qxc2 17. Bxc2 Rfe8 18. Rab1 Rac8 19. Bxe4 Bxe4 20. Rfc1 Rxc1+ 21. Rxc1 Bxd5 22. Bxd6 Bxf3 23. gxf3 Bxb2 24. Rb1 {0-1 Spivak,M-Trueman,F (1539) Winnipeg TNT January op 2015 (2.4)}) 10. Nd2 a5 11. Qc2 e5 12. a3 a4 13. Be3 Nfd7 14. b4 axb3 15. Nxb3 Nxb3 16. Qxb3 f5 17. f3 f4 18. Bf2 Kh8 19. Rfb1 Qd8 20. Na4 c5 21. Qc2 g5 22. Nc3 h5 23. Nb5 Nf6 24. h3 Rf7 25. Rb3 Bf8 26. a4 g4 27. fxg4 hxg4 28. hxg4 Bxg4 29. Bh4 Qd7 30. Kf2 Kg8 31. Bxf6 Rxf6 32. Bxg4 Qxg4 33. Qe2 Qh4+ 34. Kg1 Rg6 35. Qf2 Rg3 36. Raa3 Rg4 37. Qxh4 Rxh4 38. Nc7 Ra7 39. Rb6 Rh7 40. Ne6 Rd7 41. Ng5 Be7 42. Nf3 Bd8 43. Rbb3 Ba5 44. Nh4 Bb4 45. Ra2 Ba5 46. Nf5 Bc7 47. g3 fxg3 48. Rxg3+ Kh8 49. Rh2+ Rh7 50. Nh6 1-0

[Event "Olympiad Women 2024"]
[Site "Budapest HUN"]
[Date "2024.09.14"]
[Round "4.58"]
[Board "2"]
[White "Moreno Mora, Milaydes Lourdes"]
[Black "Shibata, Misaki"]
[Result "0-1"]
[WhiteElo "1694"]
[BlackElo "1847"]
[PlyCount "92"]
[EventDate "2024.09.11"]
[WhiteTeam "Aruba"]
[BlackTeam "Japan"]
[WhiteTeamCountry "ARN"]
[BlackTeamCountry "JPN"]

1. e4 e6 2. Qe2 c5 3. Nf3 Nc6 4. g3 g6 5. Bg2 Bg7 6. d3 Nge7 7. c3 O-O 8. O-O d5 9. Re1 Re8 ({RR} 9... b5 10. Be3 d4 11. cxd4 cxd4 12. Bd2 a5 13. Na3 Ba6 14. Rec1 Qb6 15. Qe1 Rfc8 16. Rc2 Rc7 17. Rac1 Rac8 18. Bf4 Rd7 19. Bd2 Rdc7 20. h4 h6 21. Bf4 Rd7 22. Bd2 Rcc7 23. Bf4 Rc8 24. Bd2 {1-0 Benjamin,J (2506)-Shabalov,A (2528) USA-ch Seniors 50 rapid 2020 (1)}) ({RR} 9... Qc7 10. e5 h6 11. h4 b6 12. Bf4 Ba6 13. Nbd2 b5 14. Qe3 Qb6 15. Bh3 d4 16. cxd4 cxd4 17. Qe2 Nd5 18. Ne4 Nxf4 19. gxf4 Ne7 20. Nf6+ Bxf6 21. exf6 Nd5 22. Qe5 Qc7 23. Nxd4 Rfe8 24. h5 {1-0 Ramiro Ovejero,J (2307)-Korelskiy,E (2178) Titled Tue 16th Jul Early 2024 (8)}) 10. Nbd2 $146 ({RR} 10. e5 b6 11. h4 Bb7 12. Bf4 Nf5 13. Nbd2 h5 14. Nf1 Qe7 15. N1h2 Bh6 16. Ng5 Qf8 17. Nhf3 b5 18. Bh3 Re7 19. Qd2 Rd8 20. d4 cxd4 21. cxd4 Rc7 22. Rac1 Rdc8 23. Bxf5 gxf5 24. Nxe6 Bxf4 {½-½ Szilardfy,G (2106)-Liskan,L Budapest FS06 FM-A 2004 (5)}) 10... b5 11. Nb3 d4 12. cxd4 cxd4 13. e5 Bb7 14. Nc5 Bc8 15. Ne4 Nd5 16. Nd6 Re7 17. Bg5 f6 18. Nxc8 Rxc8 19. exf6 Nxf6 20. Qd2 Qd6 21. Rac1 Ree8 22. Bh3 Rcd8 23. Re2 e5 24. Qc2 Nb4 25. Qb3+ Kh8 26. a3 Nxd3 27. Qxd3 e4 28. Rxe4 Nxe4 29. Bxd8 Qxd8 30. Bg2 a6 31. Nh4 Nd6 32. h3 Nc4 33. Rc2 Ne5 34. Qb3 d3 35. Rd2 Bh6 36. f4 Qd4+ 37. Kh2 Rd8 38. Rd1 Nc4 39. Nf3 Qxb2 40. Qxb2+ Nxb2 41. Rd2 Nc4 42. Rd1 d2 43. Kh1 Bf8 44. Bf1 Bxa3 45. Bxc4 bxc4 46. Ne5 c3 0-1

[Event "Olympiad Women 2024"]
[Site "Budapest HUN"]
[Date "2024.09.14"]
[Round "4.58"]
[Board "3"]
[White "Mitsuyama, Rikka"]
[Black "Aponte, Samantha"]
[Result "1-0"]
[WhiteElo "1738"]
[BlackElo "1454"]
[PlyCount "107"]
[EventDate "2024.09.11"]
[WhiteTeam "Japan"]
[BlackTeam "Aruba"]
[WhiteTeamCountry "JPN"]
[BlackTeamCountry "ARN"]

1. d4 Nf6 2. c4 e6 3. Nf3 b6 4. Nc3 Bb4 5. Bg5 d6 ({RR} 5... Ba6 6. Nd2 h6 7. Bh4 c5 8. a3 Bxc3 9. bxc3 Bb7 10. f3 d6 11. e4 Nbd7 12. a4 e5 13. a5 O-O 14. Be2 Qe8 15. Bf2 Nh5 16. g3 Qe7 17. O-O Nhf6 18. Re1 g6 19. Bf1 Nh5 20. Bg2 {1-0 Malakhatko,V (2594)-Tahirov,F (2583) Dresden ZMD op 2006 (8)}) 6. Qa4+ Nbd7 ({RR} 6... Nc6 7. Qxc6+ Bd7 8. Bxf6 gxf6 9. Qe4 b5 10. e3 bxc4 11. Bxc4 d5 12. Bxd5 f5 13. Qe5 f6 14. Qg3 exd5 15. Qg7 Rf8 16. Nh4 Qe7 17. Qxe7+ Kxe7 18. Ke2 Kd6 19. g3 Rab8 20. Rab1 Bxc3 21. bxc3 {1-0 Kolb,D-Nedin,D (1556) 2nd Buturina Mem 2022 (4.23)}) 7. Qxb4 Bb7 8. Rd1 $146 ({RR} 8. Bxf6 Nxf6 9. Qa4+ Nd7 10. e3 O-O 11. Qc2 Nf6 12. Be2 Qe7 13. O-O Rfe8 14. h3 Rad8 15. Rfd1 e5 16. d5 Nd7 17. e4 a5 18. a3 Bc8 19. Nb5 Nc5 20. b4 Nb7 21. bxa5 Nxa5 22. Nd2 Rf8 {1-0 Anand M,A-Lakshmi Charan Naidu,G (1159) Eastern Asia-ch U12 2021 (5)}) 8... O-O 9. e4 h6 10. Bh4 g5 11. Bg3 Nxe4 12. Nxe4 Bxe4 13. Nd2 Bg6 14. Qc3 f5 15. f3 f4 16. Bf2 Qf6 17. Bd3 Rac8 18. O-O Rf7 19. Ne4 Qe7 20. Nxd6 cxd6 21. Bxg6 Rg7 22. Bd3 Rf8 23. c5 bxc5 24. dxc5 Nxc5 25. Bb5 g4 26. Bxc5 dxc5 27. Rd7 Qg5 28. Rxg7+ Qxg7 29. Qxg7+ Kxg7 30. Rc1 gxf3 31. gxf3 Rf5 32. Rc4 Rd5 33. Ba4 e5 34. Bb3 Rd2 35. Rxc5 Kf6 36. Rc6+ Kg5 37. Rc2 Rd1+ 38. Kg2 Kh4 39. Re2 Rb1 40. Kf2 Kh3 41. Rxe5 Rxb2+ 42. Re2 Rb1 43. Bc2 Ra1 44. Re5 Kh4 45. Rf5 Rxa2 46. Rxf4+ Kh3 47. Rc4 a5 48. f4 a4 49. f5 a3 50. f6 Rb2 51. f7 a2 52. f8=Q Rxc2+ 53. Rxc2 a1=Q 54. Qf5+ 1-0

[Event "Olympiad Women 2024"]
[Site "Budapest HUN"]
[Date "2024.09.14"]
[Round "4.58"]
[Board "4"]
[White "Cabral, Sylvi"]
[Black "Takayasu, Melody"]
[Result "0-1"]
[WhiteElo "1471"]
[BlackElo "1768"]
[PlyCount "68"]
[EventDate "2024.09.11"]
[WhiteTeam "Aruba"]
[BlackTeam "Japan"]
[WhiteTeamCountry "ARN"]
[BlackTeamCountry "JPN"]

1. e4 c5 2. Nf3 d6 3. Bb5+ Nd7 4. O-O a6 5. Bxd7+ Bxd7 6. c4 Nf6 ({RR} 6... b5 7. b3 e5 8. Nc3 g6 9. d3 Bg7 10. Nd5 h6 11. b4 cxb4 12. Be3 Rb8 13. c5 Nf6 14. Nxb4 a5 15. c6 axb4 16. cxd7+ {½-½ Rozentalis,E (2622)-Georgiev,K (2648) Padova op-A 16th 2013 (8)}) 7. d3 ({RR} 7. Nc3 e5 8. d3 h6 9. a3 b5 10. b4 cxb4 11. axb4 bxc4 12. dxc4 Qc7 13. Qd3 Be7 14. h3 O-O 15. Be3 Rfc8 16. Nd2 Be6 17. Nd5 Nxd5 18. cxd5 Bd7 19. Rfc1 Qxc1+ 20. Rxc1 Rxc1+ 21. Kh2 Bb5 {1-0 Shuvalova,P (2455)-Gatterer,F (2170) Titled Tue 6th Feb Late 2024 (2)}) 7... e6 8. Nc3 Be7 9. Be3 $146 ({RR} 9. Bg5 O-O 10. Qe2 h6 11. Bxf6 Bxf6 12. e5 dxe5 13. Ne4 b6 14. Nxf6+ Qxf6 15. Qxe5 Qxe5 16. Nxe5 Rfd8 17. Rad1 Be8 18. d4 cxd4 19. Nf3 Rac8 20. b3 b5 21. Rxd4 Rxd4 22. Nxd4 bxc4 23. Rc1 Kf8 {1-0 Curriah,M (2043)-Nastore,P (2234) Titled Tuesday intern op 18th Aug blitz 2020 (7)}) ({RR} 9. Re1 O-O 10. a4 b6 11. d4 Qc7 12. b3 Rad8 13. h3 Bc8 14. d5 e5 15. Nh2 Nd7 16. g4 Kh8 17. Ne2 g6 18. Ng3 Rg8 19. Kg2 Nf8 20. Qf3 f6 21. Nhf1 Bd7 22. Ne3 Rb8 23. h4 b5 {1-0 Kemna,G (2117)-Gunkel,C (2009) NRW Verbandsliga Group1 1314 2013 (6.3)}) 9... O-O 10. h3 b5 11. b3 Bc6 12. cxb5 axb5 13. Qc2 Nd7 14. d4 Bf6 15. Rad1 Qa5 16. Rd2 Rfc8 17. Rc1 b4 18. Ne2 Bb5 19. Qd1 c4 20. bxc4 Bxc4 21. Rdc2 Ba6 22. Bd2 Rxc2 23. Rxc2 Qa4 24. Ng3 Nb6 25. Qe1 Qxc2 26. Bxb4 Nc4 27. a3 Bb7 28. Kh2 g6 29. Bxd6 Nxd6 30. e5 Be7 31. exd6 Bxd6 32. Qe3 Rxa3 33. Qh6 Bxf3 34. gxf3 Qxf2+ 0-1

[Event "Olympiad Women 2024"]
[Site "Budapest HUN"]
[Date "2024.09.14"]
[Round "4.59"]
[Board "1"]
[White "Saiful Azmi, Nur Farzana"]
[Black "Morales Santos, Natasha"]
[Result "0-1"]
[WhiteElo "1533"]
[BlackElo "1972"]
[PlyCount "118"]
[EventDate "2024.09.11"]
[WhiteTeam "Brunei Darussalam"]
[BlackTeam "Puerto Rico"]
[BlackTeamCountry "PUR"]

1. d4 f5 2. Bf4 Nf6 3. e3 e6 4. Nf3 b6 5. Bd3 Bb7 6. c3 ({RR} 6. c4 Bb4+ 7. Nbd2 O-O 8. h3 d6 9. O-O Bxd2 10. Nxd2 Nbd7 11. Bh2 g6 12. b4 Qe7 13. Nb3 e5 14. b5 a6 15. a4 axb5 16. cxb5 Bd5 17. Qc2 Qf7 18. Nd2 exd4 19. exd4 Ra7 20. Ra3 Rfa8 {1-0 Zierk,S (2476)-Antal,G (2534) Charlotte CCCSA GM-A 2018 (3)}) 6... Bd6 ({RR} 6... d6 7. O-O Ne4 8. Bg3 Be7 9. Nbd2 Kf8 10. Re1 Nd7 11. Bc2 Qe8 12. Nxe4 {0-1 Bychkova,E-Ermakova,A (1776) Anapa Blitz 2023 (10.14)}) 7. Bxd6 $146 ({RR} 7. Bg3 O-O 8. Nbd2 Ne4 9. Bxe4 fxe4 10. Bh4 Be7 11. Bxe7 Qxe7 12. Ne5 d6 13. Nec4 Nd7 14. a4 Qh4 15. Qe2 Rf6 16. g3 Qh3 17. Qf1 Qf5 18. Qg2 e5 19. g4 Qe6 20. b4 exd4 21. cxd4 d5 {0-1 Potyrala,L (1690)-Savchenko,D (1897) Dortmund Sparkassen op-B 2015 (6)}) 7... cxd6 8. O-O O-O 9. Nbd2 Nc6 10. Qc2 Ne7 11. Rfe1 Bxf3 12. Nxf3 d5 13. c4 Qc7 14. Rac1 Rac8 15. Qb3 Qb8 16. Ne5 d6 17. Qb4 dxe5 18. Qxe7 Rfe8 19. Qb4 e4 20. Be2 f4 21. Qd2 g5 22. f3 Rf8 23. a4 exf3 24. Bxf3 g4 25. Be2 Ne4 26. Qb4 f3 27. gxf3 gxf3 28. Bxf3 Rxf3 29. Qe7 Rf6 30. Re2 Rg6+ 31. Rg2 Rxg2+ 32. Kxg2 Re8 33. Qh4 Qd8 34. Qh5 Qg5+ 35. Qxg5+ Nxg5 36. Kf2 Ne4+ 37. Ke2 Kf7 38. b4 Ke7 39. cxd5 exd5 40. Rc7+ Kd6 41. Rxh7 Re7 42. Rxe7 Kxe7 43. Kf3 Kf6 44. Kf4 Nc3 45. a5 b5 46. h4 Na2 47. e4 Nxb4 48. e5+ Kg6 49. e6 Nc6 50. Ke3 Kf6 51. h5 Kxe6 52. a6 Kf6 53. Kd3 Kg5 54. Kc2 Nxd4+ 55. Kc3 Nc6 56. Kc2 d4 57. Kd3 b4 58. Kd2 b3 59. Kc1 d3 0-1

[Event "Olympiad Women 2024"]
[Site "Budapest HUN"]
[Date "2024.09.14"]
[Round "4.59"]
[Board "2"]
[White "Rivera Negron, Yanira"]
[Black "Hussin, Fazreena"]
[Result "1-0"]
[WhiteElo "1805"]
[BlackElo "1700"]
[PlyCount "77"]
[EventDate "2024.09.11"]
[WhiteTeam "Puerto Rico"]
[BlackTeam "Brunei Darussalam"]
[WhiteTeamCountry "PUR"]

1. d4 e6 2. c4 d5 3. cxd5 exd5 4. Nc3 Nf6 5. Bg5 Be7 6. e3 O-O 7. Bd3 Nbd7 8. Nge2 c6 9. O-O Re8 10. Qc2 Qc7 11. Bf4 Bd6 12. Nb5 cxb5 13. Qxc7 Bxc7 14. Bxc7 a6 15. Rac1 Ne4 $146 ({RR} 15... Nf8 16. Be5 Bd7 17. Bxf6 gxf6 18. Nf4 Bc6 19. Nh5 Re6 20. Nf4 Rd6 {1-0 Krepski,A (1664)-Sokolowska,A (1724) Wroclaw Polonia CC-B 3rd 2008 (7)}) 16. Nf4 Nef6 17. Rc2 g5 18. Ne2 Nb8 19. Bxb8 Rxb8 20. Rfc1 Bd7 21. Ng3 Ne4 22. Nh5 Re6 23. f3 Nf6 24. Nxf6+ Rxf6 25. b4 Rd6 26. Rc5 f6 27. Kf2 Kg7 28. Rc7 Kh6 29. R1c2 f5 30. f4 Kg6 31. g4 h6 32. Rxd7 Rxd7 33. Bxf5+ Kf6 34. Bxd7 gxf4 35. exf4 Rd8 36. Bc8 Rd6 37. Bxb7 Rb6 38. Rc6+ Rxc6 39. Bxc6 1-0

[Event "Olympiad Women 2024"]
[Site "Budapest HUN"]
[Date "2024.09.14"]
[Round "4.59"]
[Board "3"]
[White "Redzuan, Nur Ainul Mardhiah"]
[Black "Alvarado Perez, Coralys M."]
[Result "0-1"]
[WhiteElo "1481"]
[BlackElo "1694"]
[PlyCount "114"]
[EventDate "2024.09.11"]
[WhiteTeam "Brunei Darussalam"]
[BlackTeam "Puerto Rico"]
[BlackTeamCountry "PUR"]

1. e4 d5 2. exd5 Qxd5 3. Nc3 Qa5 4. d4 Nf6 5. Nf3 Bf5 6. Bc4 e6 7. Bd2 Bb4 8. a3 Bxc3 9. Bxc3 Qb6 10. h3 ({RR} 10. Ne5 Nc6 11. O-O O-O 12. Bb3 Nxe5 13. dxe5 Rfd8 14. exf6 Rxd1 15. Raxd1 g5 16. Rd7 h5 17. Rfd1 Rf8 18. Re7 Kh7 19. Bc4 Kg6 20. Rdd7 Qc6 21. Rxc7 Qe4 22. Bf1 h4 23. h3 b6 24. Rxa7 g4 {½-½ Karjakin,S (2758)-Rapport,R (2760) Norway Chess Armageddon 9th blitz 2021 (2)}) 10... Ne4 $146 ({RR} 10... Nc6 11. O-O O-O-O 12. Qe2 Nd5 13. Bxd5 Rxd5 14. b3 Qb5 15. Qxb5 Rxb5 16. Rac1 Rd8 17. Bb2 Be4 18. Nd2 Bg6 19. c4 Rh5 20. Nf3 Be4 21. Nd2 Bd3 22. Rfd1 Nxd4 23. Bxd4 Rxd4 24. Nf3 Rd8 25. Rd2 {0-1 Keller,P (2377)-Jorquera Cahuin,M (2233) Titled Tuesday intern op 12th Jul Late blitz 2022 (11)}) 11. Rb1 c6 12. O-O Nxc3 13. bxc3 Qc7 14. Re1 Nd7 15. Bd3 Bg6 16. c4 O-O 17. Ne5 Bxd3 18. Qxd3 Rad8 19. Qe3 Nb6 20. c5 Nd5 21. Qb3 Rb8 22. Rb2 b6 23. Reb1 Rfd8 24. Nf3 h6 25. Qc4 b5 26. Qd3 Nf4 27. Qe3 a6 28. Kf1 Nd5 29. Qb3 Ne7 30. c3 Ng6 31. a4 e5 32. axb5 axb5 33. Re2 exd4 34. cxd4 Re8 35. Rbe1 Rxe2 36. Rxe2 Nf4 37. Re4 Nd5 38. Re2 b4 39. Rb2 Qf4 40. Rd2 Nc3 41. Rc2 Nd5 42. Rd2 f6 43. Ra2 Qc1+ 44. Ne1 Re8 45. Re2 Rxe2 46. Kxe2 Qa3 47. Qxa3 bxa3 48. Nc2 a2 49. Na1 Kf7 50. Kd2 Nf4 51. g3 Nxh3 52. f3 Ng5 53. Ke3 f5 54. f4 Ne6 55. Nb3 g5 56. Na1 gxf4+ 57. gxf4 h5 0-1